| 000 | 00751nam a2200229 a 4500 | ||
|---|---|---|---|
| 005 | 20210223130125.0 | ||
| 008 | 070122s1999 mx r 000 0 spa d | ||
| 020 | _a848992080X | ||
| 035 | _aUPN01000148758 | ||
| 049 | _aCG | ||
| 050 | 4 |
_aBQ4310 _bN4.4 |
|
| 100 | 1 |
_aNhat Hanh, _cThich |
|
| 245 | 1 | 3 |
_aLa esencia del amor : _bel poder transformador de los sentimientos / _cThich Nhat Hanh ; tr. Nuria Martí. |
| 260 |
_aBarcelona, Esp. : _bOniro, _cc1999. |
||
| 300 | _a141 p. | ||
| 440 | 3 |
_aEl viaje interior ; _v20 |
|
| 534 |
_pTítulo original: _tCultivating the mind of love |
||
| 650 | 4 |
_aVIDA RELIGIOSA - _xBUDISMO _98744 |
|
| 650 | 4 |
_aBUDISMO - _xDOCTRINAS _98746 |
|
| 650 | 4 |
_aAMOR - _xASPECTOS RELIGIOSOS - _xBUDISMO _98740 |
|
| 905 | _aLibro | ||
| 999 |
_c120899 _d120899 |
||